000 00656nam a2200253Ia 4500
003 OSt
005 20220918182348.0
006 a|||||r|||| 00| 0
007 ta
008 220917b |||||||| |||| 00| 0 eng d
024 _a32,098
037 _cTextual
040 _aARTS
_cARTS
_beng
041 _2eng
_aeng
082 _aO111,1L88:g, L3
100 _aRobson W. W.
245 0 _aByron as poet
260 _aFolcroft
_bFolcroft Press
_c1973
300 _a40p.
_ccm.
500 _aFolcroft Library Editions
650 _aENGLISH LITERATURE
942 _hO111,1L88:g, L3
_cTEXL
_2CC
999 _c168691
_d168691